Statistics for Top 20 Most Famous US Supreme Court Justices

Click here to take the quiz!

General Stats

  • This quiz has been taken 138 times
  • The average score is 13 of 20

Answer Stats

%justice% Correct
80Ruth Bader Ginsburg
90%
84Clarence Thomas
89%
76Sonia Sotomayor
87%
69John & Thurgood Marshall
86%
85Antonin Scalia
85%
71Owen & John Roberts
85%
65Elena Kagan
80%
65Sandra Day O'Connor
77%
59Samuel Alito
75%
76Anthony Kennedy
72%
48Stephen Breyer
65%
51William Rehnquist
65%
48Earl Warren
64%
54John Jay
57%
61William Taft
56%
39John Paul Stevens
54%
43David Souter
48%
39Hugo Black
42%
41Howell & Robert Jackson
24%
58Thomas & William Johnson
19%

Score Distribution

Percentile by Number Answered

Percent of People with Each Score

Your Score History

You have not taken this quiz